Séries commençant par la lettre D - Statistiques

Statistiques générales
  • Ce quiz a été pris 449 fois
  • Le résultat moyen est 5 sur 10
Statistiques - réponses
Par images Réponse % Correct
Dora l’exploratrice
97%
Desperate Housewives
84%
Dr.House
77%
Dexter
62%
Demain nous appartient
58%
Dallas
48%
Dynastie
47%
Docteur who
31%
Drop Dead Diva
24%
Devious Maids
20%
Aucun quiz correspondant
Distribution des résultats
% des personnes avec chaque résultat
Percentile par nombre de réponses
Votre historique - résultats
Vous n’avez pas pris ce quiz